03080nam a22003137a 4500001001000000002001300010003001100023005001700034006001900051007000300070008004100073040001400114041000800128050002100136100003700157245009500194260012700289300005200416520064400468563120701112648004802319650005402367650005502421651001002476700004902486700005202535700004602587856013302633BRCA_8633LM-8 (19-48)FranzMayer20260505155203.0a||||gr|||| 00| 0 ta260324s1798 sp a|||grf||| 00| 0 spa d aBMFMbspa0 aspa 4aTS545b.R56 17981 aRio, Manuel deld(ca. 1690-1766)10aArte de reloxes de ruedas, para torre, sala, y faltriquera. Tomo primero /cManuel del Rio aMadrid, España :ben la oficina de don Antonio Cruzado Reimpresos á costa de don Ramon Duran (su discípulo) ,c1798 a360 páginas : bGrabados ; c21 x 15 x 3.5 cm3 aObra publicada por primera vez en 1759 en España. Sin embargo, esta edición corresponde a una publicada casi cuarenta años después. Este libro es el primero de dos tomos y en él se explican temas relacionados tanto con el mantenimiento, como con la construcción y mecánica o funcionamiento de distintos tipos de relojes.bUno de los mayores aportes de este tratado es que Manuel del Río fue el primero en dar instrucciones para la construcción de relojes autómatas para iglesias. Además, incluye varios grabados de Cipriano Maré con ilustraciones de relojes, herramientas, engranajes y otros elementos gráficos.  aOtras referencias físicas: Encuadernación entera en piel decorada. El papel del cuerpo del libro está formado por pulpa de trapo, hecho a mano, con marcas de verjurado y marcas de agua. Tiene 10 láminas desplegables al final. El cuerpo del libro está formado por cuadernillos unidos mediante costura alternada sobre dos soportes de costura sencillos y elevados, de cordel; las prolongaciones se usaron para unir el cuerpo a la cartera. Se reforzó la unión de las láminas al resto del cuerpo mediante costura. Hojas de guarda azules. Debajo de las contraguardas se aprecian otras contraguardas decoradas, que podrían ser la originales. Lomera recta; sin endoses. Cantos del cuerpo refinados más de una vez. Soportes de las tapas de cartón. Decoración con dorado en el lomo. Las casillas no corresponden al número de soportes de costura, y están marcadas a través de la decoración. Tiene 5 casillas, la segunda casilla lleva el título y la tercera casilla el número "1", ambos grabados en dorado. Texto impreso. Anotaciones en tinta ferrogálica en algunos márgenes (algunas cortadas). Incluye un separador compuesto por tres listones de colores: verde, rosa y vino 0aViceroyalty periodyViceroyalty (1535-1821)10aWatchmaking and clockmakingy Early works to 180010aClocks and pocket watchesxDesign and construction 0aSpain1 aMaré, Cipriano ,d(1775-1814) ,egrabador 1 aCruzado, Antonio ,d(fl. 1794-1800) ,eimpresor1 aDurán, Ramón ,d(fl. 1798) , eeditor41qTIF//PDFuhttps://bibliotecadigital.franzmayer.org.mx/items/77108744-78f1-4cc6-baf8-56a390885273yBiblioteca Digital Franz Mayer